[Event "AUTO-OPEN-3371"]
[Site "http://www.queenalice.com/game.php?id=1319284"]
[Date "2014.10.30"]
[Round "1"]
[White "Artking"]
[Black "DiegoTinoco"]
[Result "0-1"]
[WhiteElo "2046"]
[BlackElo "1844"]

1. e4 e5 2. Nf3 Nc6 3. Bb5 d6 4. c3 Bd7 5. O-O a6 6. Ba4 b5 7. Bb3 h6 8. d4 Na5
9. Bc2 Nc6 10. d5 Nce7 11. a4 Nf6 12. a5 c6 13. dxc6 Bxc6 14. Nbd2 Ng6 15. g3
Be7 16. Re1 O-O 17. Qe2 Nd7 18. Nf1 Nc5 19. b4 Nd7 20. h4 f5 21. exf5 Nh8 22.
Bb3+ Nf7 23. Ng5 d5 24. Ne6 Qc8 25. Nxf8 Qxf8 26. Qg4 e4 27. Ne3 Nfe5 28. Qh5
Nf6 29. Qe2 Kh8 30. g4 Nf3+ 31. Kg2 Nxe1+ 32. Kh3 Nf3 33. Bb2 Kh7 34. g5 Nh5 35.
Qd1 Nf4+ 36. Kg4 Nd3 37. Qe2 h5+ 38. Kh3 Nf4+ 0-1

[Event "AUTO-OPEN-3371"]
[Site "http://www.queenalice.com/game.php?id=1319285"]
[Date "2014.10.30"]
[Round "1"]
[White "DiegoTinoco"]
[Black "Artking"]
[Result "1-0"]
[WhiteElo "1838"]
[BlackElo "2085"]

1. e4 b6 2. d4 Bb7 3. Nc3 e6 4. Nf3 d6 5. Bg5 Nd7 6. Bxd8 Rxd8 7. Bc4 Ngf6 8.
Bd3 c5 9. O-O cxd4 10. Nxd4 g6 11. a4 Bg7 12. f3 O-O 13. a5 Nh5 14. Ndb5 Nc5 15.
Nxa7 Bd4+ 16. Kh1 Nxd3 17. Qxd3 Bg7 18. axb6 d5 19. exd5 exd5 20. Nab5 d4 21.
Ne4 Rd5 22. Na3 Re8 23. g3 f5 24. Nf2 Rde5 25. Nc4 Re2 26. Kg1 Nf6 27. Nd6 R8e3
28. Qc4+ Kf8 29. Qf7# 1-0

[Event "AUTO-OPEN-3371"]
[Site "http://www.queenalice.com/game.php?id=1319300"]
[Date "2014.10.30"]
[Round "1"]
[White "DiegoTinoco"]
[Black "Scharlatan"]
[Result "1-0"]
[WhiteElo "1878"]
[BlackElo "1922"]

1. e4 e5 2. Nf3 Nc6 3. Bc4 Nf6 4. d3 Be7 5. a3 O-O 6. Nc3 d6 7. Be3 Be6 8. Bb5
Ng4 9. h3 Nxe3 10. fxe3 a6 11. Ba4 b5 12. Bb3 Bxb3 13. cxb3 f5 14. exf5 Rxf5 15.
Rf1 Bh4+ 16. Nxh4 Rxf1+ 17. Kxf1 Qxh4 18. b4 Rf8+ 19. Kg1 Ne7 20. Ne4 Nf5 21.
Qd2 Qh6 22. Re1 Qh4 23. Qf2 Qxf2+ 24. Kxf2 Nd4+ 25. Kg3 Ne6 26. Nc3 c6 27. b3 d5
28. Rc1 Rf6 29. h4 d4 30. exd4 Nxd4 31. Re1 Nxb3 32. Rxe5 Kf7 33. a4 Nd2 34.
axb5 axb5 35. Ne4 Nxe4+ 36. dxe4 Rg6+ 37. Kf3 Rh6 38. g3 Rf6+ 39. Ke2 Rg6 40.
Kf2 Kf6 41. Rc5 Ke7 42. Kf3 Rd6 43. e5 Re6 44. Kf4 h6 45. g4 Kd7 46. h5 Kc7 47.
Kf5 Re7 48. Kg6 Kd7 49. g5 hxg5 50. Kxg5 Re6 51. Kf5 Ke7 52. Rc2 Rh6 53. Kg5 Re6
54. Kf5 Kf7 55. Ra2 Rh6 56. Ra7+ Kf8 57. e6 Rxh5+ 58. Kg6 Rh6+ 59. Kf5 Rf6+ 60.
Ke5 Rf1 61. Kd6 g5 62. e7+ 1-0

[Event "AUTO-OPEN-3371"]
[Site "http://www.queenalice.com/game.php?id=1319301"]
[Date "2014.10.30"]
[Round "1"]
[White "Scharlatan"]
[Black "DiegoTinoco"]
[Result "1-0"]
[WhiteElo "2010"]
[BlackElo "1848"]

1. e4 e5 2. f4 Nc6 3. Nf3 d6 4. Bc4 exf4 5. d4 g5 6. h4 g4 7. Ng5 h6 8. Nxf7 Qf6
9. Nxh8 Qxh8 10. Bxf4 Nxd4 11. Bxg8 Nxc2+ 12. Qxc2 Qxg8 13. O-O c6 14. Nc3 Be6
15. Rac1 Bc4 16. Rfd1 O-O-O 17. b3 Be6 18. Nb5 a6 19. Nxd6+ Bxd6 20. Bxd6 h5 21.
Qc5 Qg6 22. Qb6 Rxd6 23. Rxd6 Qxe4 24. Qd8# 1-0

[Event "AUTO-ADV-3277"]
[Site "http://www.queenalice.com/game.php?id=1319662"]
[Date "2014.11.1"]
[Round "1"]
[White "yclaudiu35"]
[Black "DiegoTinoco"]
[Result "1-0"]
[WhiteElo "1922"]
[BlackElo "1878"]

1. e4 e5 2. Nf3 Nc6 3. a3 Bc5 4. b3 a6 5. Bb2 d6 6. Nc3 Bg4 7. Be2 Nf6 8. h3 Be6
9. b4 Bb6 10. b5 axb5 11. Bxb5 O-O 12. Bxc6 bxc6 13. d4 Ba5 14. O-O exd4 15.
Nxd4 Bxc3 16. Bxc3 Bc4 17. Re1 c5 18. Nf3 Re8 19. Nd2 Bb5 20. f3 Nh5 21. f4 Nxf4
22. Qg4 Ng6 23. g3 Bd7 24. Qh5 Ne5 25. h4 Bg4 26. Qg5 Qxg5 27. hxg5 Nf3+ 28.
Nxf3 Bxf3 29. e5 d5 30. Kf2 Bg4 31. Bd2 Ra4 32. Bf4 Rea8 33. Re3 Re4 34. Rxe4
dxe4 35. a4 Ra5 36. Bd2 Ra6 37. a5 f5 38. Be3 c4 39. Bd2 Kf7 40. Ra4 Ke6 41.
Rxc4 c6 42. Rc5 Bf3 43. Ke3 h6 44. gxh6 gxh6 45. Kd4 h5 46. Rc4 Kd7 47. Kc5 Bd1
48. Kb4 Ke6 49. Bf4 Kd5 50. c3 Rxa5 51. Rd4+ Ke6 52. Kxa5 c5 53. Rxd1 1-0

[Event "AUTO-ADV-3277"]
[Site "http://www.queenalice.com/game.php?id=1319663"]
[Date "2014.11.1"]
[Round "1"]
[White "DiegoTinoco"]
[Black "yclaudiu35"]
[Result "1-0"]
[WhiteElo "1881"]
[BlackElo "1961"]

1. e4 e5 2. Nf3 Nc6 3. Bc4 Nd4 4. c3 Nxf3+ 5. Qxf3 Nf6 6. d3 h6 7. h3 Bc5 8. b4
Bb6 9. a4 a6 10. Na3 c6 11. g4 d5 12. exd5 cxd5 13. Bb3 Qc7 14. Bd2 Be6 15. c4
e4 16. dxe4 Nxe4 17. c5 Ba7 18. Be3 O-O 19. O-O Bb8 20. Qg2 Qd7 21. f4 Nf6 22.
f5 Be5 23. Rad1 d4 24. fxe6 fxe6 25. Bf2 d3 26. Nc4 Bc7 27. Nd6 Bxd6 28. cxd6
Kh8 29. Rxd3 e5 30. Bh4 b5 31. a5 g5 32. Bg3 Rae8 33. Rf5 e4 34. Rd1 e3 35. Qb2
Kg7 36. Be5 Qd8 37. Rdf1 Rxe5 38. Qxe5 e2 39. Re1 Re8 40. Rxg5+ hxg5 41. Qxg5+
Kf8 42. Qh6# 1-0

[Event "AUTO-ADV-3277"]
[Site "http://www.queenalice.com/game.php?id=1319676"]
[Date "2014.11.1"]
[Round "1"]
[White "DiegoTinoco"]
[Black "Capixaba789"]
[Result "0-1"]
[WhiteElo "1865"]
[BlackElo "1972"]

1. e4 Nf6 2. e5 Nd5 3. d4 e6 4. c4 Nb6 5. Nf3 d6 6. exd6 cxd6 7. Nc3 N8d7 8. Bf4
Nf6 9. Bd3 Bd7 10. h3 Be7 11. b3 O-O 12. Ng5 Re8 13. O-O e5 14. dxe5 dxe5 15.
Bxe5 h6 16. Bxf6 Bxf6 17. Nge4 Rxe4 18. Bxe4 Bxc3 19. Rc1 Bf6 20. Bxb7 Rb8 21.
Be4 Be6 22. Qf3 Qc7 23. Rfe1 Nd7 24. Bd5 Ne5 25. Qe4 Re8 26. f4 Bxd5 27. Qxd5
Rd8 28. Qe4 Nd3 29. Rcd1 Nxe1 30. Rxe1 Rd4 31. Qc2 Rd8 32. g3 Qd7 33. g4 Qd4+
34. Kg2 Qxf4 35. Re2 Be5 36. c5 Qh2+ 37. Kf3 Qxh3+ 38. Ke4 f6 39. Rg2 Rd4+ 40.
Kf5 Qf3+ 41. Kg6 Rxg4+ 0-1

[Event "AUTO-ADV-3277"]
[Site "http://www.queenalice.com/game.php?id=1319677"]
[Date "2014.11.1"]
[Round "1"]
[White "Capixaba789"]
[Black "DiegoTinoco"]
[Result "1/2-1/2"]
[WhiteElo "1888"]
[BlackElo "1846"]

1. e4 e5 2. Nf3 Nc6 3. d3 Bc5 4. Nc3 d6 5. Be2 Be6 6. Bd2 Nf6 7. Qc1 h6 8. Be3
a6 9. Bxc5 dxc5 10. O-O O-O 11. Nd1 Ng4 12. Ne3 f5 13. exf5 Nxe3 14. fxe3 Bxf5
15. e4 Bg4 16. Qe3 b6 17. a3 Bxf3 18. Bxf3 Nd4 19. Bd1 Rxf1+ 20. Kxf1 Qh4 21.
Kg1 Rf8 22. c3 Ne6 23. Bf3 Qf6 24. Rf1 Qg6 25. b3 Ng5 26. Be2 Rxf1+ 27. Bxf1 Qe6
28. c4 c6 29. Be2 b5 30. Qxc5 bxc4 31. Qxc4 Qxc4 32. bxc4 c5 33. Kf2 g6 34. Ke1
Kf7 35. Kd2 a5 36. a4 h5 37. h3 Ne6 38. Ke3 Kf6 39. g3 Nd4 40. Bd1 Nc6 41. Bc2
g5 42. g4 h4 43. Bd1 Nd4 44. Be2 Nc2+ 45. Kd2 Nd4 46. Bd1 Ne6 47. Be2 Nf4 48.
Bf1 Ne6 49. Kc3 Nf8 50. Kc2 Nd7 51. Kc3 Ke6 52. Be2 Nf6 53. Bf1 1/2-1/2

[Event "AUTO-ADV-3277"]
[Site "http://www.queenalice.com/game.php?id=1319678"]
[Date "2014.11.1"]
[Round "1"]
[White "DiegoTinoco"]
[Black "luizpessoa"]
[Result "0-1"]
[WhiteElo "1864"]
[BlackElo "1765"]

1. e4 e5 2. Nf3 d6 3. Bc4 h6 4. d3 a6 5. Nc3 Bg4 6. h3 Bxf3 7. Qxf3 Qf6 8. Nd5
Qxf3 9. gxf3 Kd8 10. Ne3 f6 11. Rg1 Ne7 12. Ng2 Nbc6 13. c3 b5 14. Bb3 b4 15. c4
a5 16. Ba4 Nd4 17. Nh4 g5 18. Be3 gxh4 19. f4 Nf3+ 20. Ke2 Nxg1+ 21. Rxg1 Rg8
22. Rd1 c5 23. fxe5 fxe5 24. Kf1 Kc7 25. a3 Ng6 26. f3 Nf4 27. Bxf4 exf4 28. d4
bxa3 29. bxa3 Rg3 30. dxc5 Rxf3+ 31. Kg2 Rxa3 32. cxd6+ Bxd6 33. e5 Rxa4 34.
exd6+ Kd7 35. c5 Rc4 36. Kf3 Rg8 37. c6+ Kxc6 38. d7 Rd8 39. Kg4 Rxd7 40. Rxd7
Kxd7 0-1

[Event "AUTO-ADV-3277"]
[Site "http://www.queenalice.com/game.php?id=1319679"]
[Date "2014.11.1"]
[Round "1"]
[White "luizpessoa"]
[Black "DiegoTinoco"]
[Result "0-1"]
[WhiteElo "1785"]
[BlackElo "1846"]

1. d4 d5 2. Nc3 Nc6 3. Bf4 a6 4. g3 h6 5. Bg2 e6 6. Be5 f6 7. Bf4 Nge7 8. e4 g5
9. Be3 Bg7 10. exd5 Nxd5 11. Nxd5 exd5 12. Ne2 Bg4 13. h3 Bf5 14. a3 Be4 15.
Bxe4 dxe4 16. Nc3 f5 17. Na4 Nxd4 18. c3 Nf3+ 19. Kf1 Qxd1+ 20. Rxd1 O-O 21. Kg2
b6 22. Rd7 Rf7 23. Rxf7 Kxf7 24. Rd1 Ke6 25. b4 Ne5 26. Nb2 Nf3 27. g4 Bxc3 28.
Nc4 fxg4 29. hxg4 Ne1+ 30. Kf1 Nc2 31. Rc1 Nxe3+ 32. fxe3 Bf6 33. Nd2 Be5 34.
Rc6+ Bd6 35. Nxe4 Kd5 36. Rxd6+ cxd6 37. Nc3+ Kc4 38. Ne4 d5 39. Nd2+ Kd3 40.
Nb3 Kxe3 41. a4 Rc8 42. a5 bxa5 43. bxa5 Rc3 0-1

[Event "AUTO-ADV-3275"]
[Site "http://www.queenalice.com/game.php?id=1328949"]
[Date "2014.12.18"]
[Round "2"]
[White "Bruscato"]
[Black "DiegoTinoco"]
[Result "1-0"]
[WhiteElo "2084"]
[BlackElo "1886"]

1. e4 e5 2. f4 Nc6 3. Nf3 d6 4. Bc4 h6 5. O-O Nf6 6. d3 Bg4 7. Nbd2 a6 8. h3 Bh5
9. g4 Bg6 10. f5 Bh7 11. a4 Na5 12. Ba2 c5 13. Nc4 b5 14. Nxa5 Qxa5 15. axb5
Qxb5 16. Bc4 Qb6 17. Ra3 Be7 18. Rb3 Qa7 19. Be3 O-O 20. Qe1 Rfb8 21. Qg3 Rxb3
22. Bxb3 Nd7 23. h4 Kf8 24. g5 hxg5 25. hxg5 f6 26. g6 Bg8 27. Bxg8 Kxg8 28. Qh3
Qb6 29. Qh7+ 1-0

[Event "AUTO-ADV-3275"]
[Site "http://www.queenalice.com/game.php?id=1328950"]
[Date "2014.12.18"]
[Round "2"]
[White "DiegoTinoco"]
[Black "Bruscato"]
[Result "0-1"]
[WhiteElo "1875"]
[BlackElo "2117"]

1. e4 c5 2. c3 d5 3. e5 Nc6 4. d4 Bf5 5. Nf3 e6 6. Bb5 Qb6 7. Bxc6+ Qxc6 8. h3
Ne7 9. Be3 Ng6 10. Nbd2 c4 11. g4 Be4 12. Nxe4 dxe4 13. Nd2 f5 14. exf6 gxf6 15.
f3 exf3 16. Qxf3 Qxf3 17. Nxf3 O-O-O 18. a4 h5 19. g5 f5 20. Nd2 f4 21. Bf2 Be7
22. h4 e5 23. Nxc4 e4 24. O-O-O e3 25. Bg1 Rhe8 26. b4 Bf8 27. Re1 Re6 28. Rh3
Bg7 29. Bh2 Rf8 30. Rf3 a6 31. Ne5 Bxe5 32. dxe5 Rxe5 33. Kc2 Rd5 34. Re2 Rdf5
35. Kb3 Nxh4 36. Rh3 f3 37. Rxe3 f2 38. Rxh4 f1=Q 39. Rc4+ Kd8 40. Bc7+ Kd7 41.
Ree4 Qb1+ 42. Ka3 Rd5 43. Bg3 Rc8 44. Rxc8 Kxc8 45. Re8+ Kd7 46. Rb8 Rd2 47.
Rxb7+ Ke6 48. Rb6+ Kf5 49. Rf6+ Kxg5 50. Bf4+ Kxf6 51. Bxd2 h4 52. Bf4 h3 53. c4
Qd3+ 0-1

[Event "AUTO-ADV-3275"]
[Site "http://www.queenalice.com/game.php?id=1328953"]
[Date "2014.12.18"]
[Round "2"]
[White "luiz_gustavo"]
[Black "DiegoTinoco"]
[Result "0-1"]
[WhiteElo "1835"]
[BlackElo "1869"]

1. e4 c5 2. Nf3 Nc6 3. Bb5 e6 4. Nc3 a6 5. Bxc6 bxc6 6. d3 d5 7. Bf4 Bd6 8. e5
Be7 9. Ne2 h6 10. c3 g5 11. Bg3 f5 12. Nd2 f4 13. Bxf4 gxf4 14. Nxf4 Kd7 15. Qg4
Kc7 16. Qg7 Kb6 17. Qxh8 Bg5 18. Ne2 Bb7 19. d4 c4 20. Qh7 Ne7 21. Qc2 Nf5 22.
b3 cxb3 23. Rb1 Bxd2+ 24. Qxd2 Qh4 25. g3 Qe4 26. Rxb3+ Kc7 27. O-O Rg8 28. Nf4
Nh4 29. f3 Nxf3+ 30. Rxf3 Qxf3 31. Nxe6+ Kc8 32. c4 Qg4 33. Qxh6 Qd1+ 34. Kg2
Qe2+ 35. Kh3 Qg4+ 36. Kg2 Qe4+ 37. Kh3 Qf5+ 38. Kg2 Qe4+ 39. Kf1 Qh1+ 40. Kf2
Qa1 41. Nc5 Qxd4+ 42. Qe3 Rf8+ 43. Kg2 Qxe3 44. Rxe3 a5 45. cxd5 Ba8 46. d6 Rh8
47. Ra3 Rh5 48. Nd3 c5+ 49. Kg1 Be4 50. Nxc5 Rxe5 51. Rxa5 Rd5 52. d7+ Kc7 53.
Ra8 Rd1+ 54. Kf2 Bxa8 0-1

[Event "AUTO-ADV-3275"]
[Site "http://www.queenalice.com/game.php?id=1328954"]
[Date "2014.12.18"]
[Round "2"]
[White "DiegoTinoco"]
[Black "luiz_gustavo"]
[Result "1-0"]
[WhiteElo "1864"]
[BlackElo "1735"]

1. e4 e5 2. Nf3 Nc6 3. Bb5 a6 4. Ba4 b5 5. Bb3 Nf6 6. d3 Bc5 7. h3 h6 8. a3 O-O
9. Nc3 Nd4 10. Nxe5 Nxb3 11. cxb3 Bb7 12. Be3 Bxe3 13. fxe3 d6 14. Nf3 c5 15.
Qe2 Re8 16. O-O-O d5 17. exd5 b4 18. Na2 Nxd5 19. e4 Nf4 20. Qf2 Nxd3+ 21. Rxd3
Qf6 22. Rf1 Qf4+ 23. Qd2 Rxe4 24. Qxf4 Rxf4 25. axb4 cxb4 26. Rd4 Rc8+ 27. Kd2
Rxd4+ 28. Nxd4 a5 29. Nb5 Bxg2 30. Rf2 Bxh3 31. Nc1 Bd7 32. Nd6 Rf8 33. Nd3 Be6
34. Nc5 Bd5 35. Nce4 Bxb3 36. Ke3 g5 37. Nf6+ Kg7 38. Nfe8+ Kg6 39. Rf6+ Kh5 40.
Ng7+ Kg4 41. Rxh6 1-0

[Event "AUTO-ADV-3275"]
[Site "http://www.queenalice.com/game.php?id=1328957"]
[Date "2014.12.18"]
[Round "2"]
[White "DiegoTinoco"]
[Black "salso"]
[Result "0-1"]
[WhiteElo "1884"]
[BlackElo "2125"]

1. e4 e5 2. Nf3 d6 3. Bc4 c6 4. Nc3 Be7 5. d3 f5 6. h3 Nf6 7. Be3 b5 8. Bb3 b4
9. Ne2 fxe4 10. Ng5 exd3 11. Qxd3 d5 12. O-O Ba6 13. Qd2 Bc8 14. Rad1 O-O 15. f4
h6 16. Nf3 exf4 17. Bxf4 Ne4 18. Qd4 Bc5 0-1

[Event "AUTO-ADV-3275"]
[Site "http://www.queenalice.com/game.php?id=1328958"]
[Date "2014.12.18"]
[Round "2"]
[White "salso"]
[Black "DiegoTinoco"]
[Result "1-0"]
[WhiteElo "2121"]
[BlackElo "1896"]

1. d4 c6 2. e3 d5 3. Bd3 Nf6 4. Nd2 g6 5. c3 e6 6. f4 h5 7. Ngf3 Ng4 8. Qe2 c5
9. O-O c4 10. Bc2 Be7 11. Ne5 Nh6 12. e4 Nc6 13. Ndf3 Bd6 14. exd5 Nxe5 15. fxe5
Be7 16. d6 Bf8 17. Qxc4 a6 18. Bg5 Qb6 19. b4 Bd7 20. Qc5 1-0